|
|
|
|
| LEADER |
02221nam a2200349 a 4500 |
| 001 |
11823584 |
| 008 |
100103s1999 bg b 100 0 eng d |
| 010 |
|
|
|a 99937055
|z 99945406
|
| 020 |
|
|
|a 9840514695
|
| 040 |
|
|
|a DLC
|c DLC
|d BD-DhAAL
|
| 082 |
0 |
4 |
|a 303.3720954
|2 21
|
| 111 |
2 |
|
|a South Asian Dialogue
|n (5th :
|d 1997 :
|c Dhaka, Bangladesh)
|
| 245 |
1 |
0 |
|a Cultural cooperation in South Asia :
|b the search for community : papers and proceedings of the Fifth South Asian Dialogue /
|c edited by Jamil Choudhury.
|
| 260 |
|
|
|a Dhaka :
|b Centre for Policy Dialogue :
|b University Press,
|c 1999.
|
| 300 |
|
|
|a vi, 228 p. ;
|c 23 cm.
|
| 500 |
|
|
|a "South Asian Regional Dialogue."
|
| 520 |
|
|
|a Chiefly covers topics on social justice and human rights, women in society, and fundamentalism and communalism.
|
| 504 |
|
|
|a Includes bibliographical references.
|
| 541 |
1 |
|
|e 00008310
|
| 650 |
|
0 |
|a Intellectual cooperation
|v Congresses.
|
| 651 |
|
0 |
|a South Asia
|x Cultural policy
|v Congresses.
|
| 651 |
|
0 |
|a South Asia
|x Civilization
|v Congresses.
|
| 700 |
1 |
|
|a Caudhurī, Jāmila.
|
| 710 |
2 |
|
|a Centre for Policy Dialogue (Bangladesh)
|
| 852 |
4 |
|
|a Ayesha Abed Library
|j General Shelf.
|
| 999 |
|
|
|c 6695
|d 6695
|
| 952 |
|
|
|0 0
|1 0
|2 ddc
|4 0
|6 303_372095400000000_CUL_1999
|7 0
|9 6866
|a BRACUL
|b BRACUL
|c GEN
|d 2010-01-05
|l 0
|o 303.3720954 CUL
|p 3010008310
|r 2010-01-05
|t 1
|w 2010-01-05
|y BK
|
| 952 |
|
|
|0 0
|1 0
|2 ddc
|4 0
|6 303_372095400000000_CUL
|7 0
|9 6867
|a BRACUL
|b BRACUL
|c GEN
|d 2010-01-05
|l 0
|o 303.3720954 CUL
|p 3010012840
|r 2010-01-05
|t 2
|w 2010-01-05
|y BK
|x Price not available in Register
|
| 952 |
|
|
|0 0
|1 0
|2 ddc
|4 0
|6 303_372095400000000_CUL
|7 0
|9 6868
|a BRACUL
|b BRACUL
|c GEN
|d 2010-01-05
|l 0
|o 303.3720954 CUL
|p 3010012839
|r 2010-01-05
|t 3
|w 2010-01-05
|y BK
|x Price not available in Register
|
| 952 |
|
|
|0 0
|1 0
|2 ddc
|4 0
|6 303_372095400000000_CUL
|7 0
|9 43582
|a SCL
|b SCL
|c GEN
|d 2005-02-13
|g 450.00
|l 0
|o 303.3720954 CUL
|p 3020005175
|r 2014-08-31
|t 4
|w 2014-08-31
|y BK
|
| 952 |
|
|
|0 0
|1 0
|2 ddc
|4 0
|6 303_372095400000000_CUL
|7 0
|9 43583
|a SCL
|b SCL
|c GEN
|d 2005-02-13
|g 450.00
|l 0
|o 303.3720954 CUL
|p 3020005174
|r 2014-08-31
|t 5
|w 2014-08-31
|y BK
|
| 952 |
|
|
|0 0
|1 0
|2 ddc
|4 0
|6 303_372095400000000_CUL
|7 0
|9 52847
|a SCL
|b SCL
|c GEN
|d 2015-03-03
|g 450.00
|l 0
|o 303.3720954 CUL
|p 3020002505
|r 2015-03-03
|t 6
|w 2015-03-03
|y BK
|